| 000 | 00366nam a22001337a 4500 | ||
|---|---|---|---|
| 082 | _a621.3815 MAL'D | ||
| 100 |
_aLEACH, DONALD P,MALVINO, AEBERT PAUL _978553 |
||
| 245 | _aDIGITAL PRINCIPLES AND APPICATION | ||
| 250 | _a2ND ED | ||
| 260 |
_aSINGPORE _bMCGRAW HILL _c1975 |
||
| 300 | _aVI, 437P | ||
| 650 |
_aDIGITAL PRINCIPLES AND APPICATION _978554 |
||
| 942 | _cBK | ||
| 999 |
_c583660 _d583660 |
||